<?xml version="1.0" encoding="UTF-8"?>
<record
    xmlns:xsi="http://www.w3.org/2001/XMLSchema-instance"
    xsi:schemaLocation="http://www.loc.gov/MARC21/slim http://www.loc.gov/standards/marcxml/schema/MARC21slim.xsd"
    xmlns="http://www.loc.gov/MARC21/slim">

  <leader>01930nam a2200349 i 4500</leader>
  <controlfield tag="001">768714001</controlfield>
  <controlfield tag="003">CO-MdFUSB</controlfield>
  <controlfield tag="005">20210922125519.0</controlfield>
  <controlfield tag="007">ta</controlfield>
  <controlfield tag="008">200616t2011    ck  |||| |||| 00| 0 spa d</controlfield>
  <datafield tag="020" ind1=" " ind2=" ">
    <subfield code="a">9789584534019</subfield>
  </datafield>
  <datafield tag="040" ind1=" " ind2=" ">
    <subfield code="a">CO-MdFUSB</subfield>
    <subfield code="b">spa</subfield>
    <subfield code="c">CO-MdFUSB</subfield>
    <subfield code="d">CO-MdFUSBC</subfield>
    <subfield code="e">rda</subfield>
  </datafield>
  <datafield tag="041" ind1=" " ind2=" ">
    <subfield code="a">spa</subfield>
  </datafield>
  <datafield tag="082" ind1=" " ind2=" ">
    <subfield code="2">23</subfield>
    <subfield code="a">155.332</subfield>
    <subfield code="b">N135</subfield>
  </datafield>
  <datafield tag="100" ind1=" " ind2=" ">
    <subfield code="a">Nader, Luc&#xED;a</subfield>
    <subfield code="e">autor</subfield>
  </datafield>
  <datafield tag="245" ind1="1" ind2=" ">
    <subfield code="a">Todos los hombres son iguales</subfield>
    <subfield code="b">: ellos cuentan todo lo que usted quiere saber, se imagin&#xF3; y nunca pudo comprobar</subfield>
    <subfield code="c">/ Luc&#xED;a Nader</subfield>
  </datafield>
  <datafield tag="250" ind1=" " ind2=" ">
    <subfield code="a">Primero edici&#xF3;n</subfield>
  </datafield>
  <datafield tag="264" ind1=" " ind2="1">
    <subfield code="a">Bogot&#xE1;, Colombia : </subfield>
    <subfield code="b">Norma,</subfield>
    <subfield code="c">[2011]</subfield>
  </datafield>
  <datafield tag="264" ind1=" " ind2="4">
    <subfield code="c">&#xA9;2011</subfield>
  </datafield>
  <datafield tag="300" ind1=" " ind2=" ">
    <subfield code="a">360 p&#xE1;ginas </subfield>
    <subfield code="c">; 23 cm</subfield>
  </datafield>
  <datafield tag="336" ind1=" " ind2=" ">
    <subfield code="2">rdacontent</subfield>
    <subfield code="a">texto</subfield>
    <subfield code="b">txt</subfield>
  </datafield>
  <datafield tag="337" ind1=" " ind2=" ">
    <subfield code="2">rdamedia</subfield>
    <subfield code="a">sin mediaci&#xF3;n</subfield>
    <subfield code="b">n</subfield>
  </datafield>
  <datafield tag="338" ind1=" " ind2=" ">
    <subfield code="2">rdacarrier</subfield>
    <subfield code="a">volumen</subfield>
    <subfield code="b">nc</subfield>
  </datafield>
  <datafield tag="505" ind1=" " ind2=" ">
    <subfield code="a">Agradecimientos -- &#xA1;Todos los hombre son iguales! -- Don Juan y &#xBF;que? -- El agresor -- Subyugado -- El peque&#xF1;o infierno del dormitorio -- Variable y algo m&#xE1;s -- El sindrome de Peter Pan -- El eterno insatisfecho -- La nube gris -- El despreciable miembro de la sociedad del codo -- M&#xE1;s que un cornudo -- Soy hombre, soy bueno, soy macho -- De parte de m&#xED;</subfield>
  </datafield>
  <datafield tag="520" ind1=" " ind2=" ">
    <subfield code="a">Estas historia no son de nadie en particular. Est&#xE1;n escritas para ser le&#xED;das por hombres y mujeres como usted, motivados, estimulados o deseosos de encontrar verdades sin tapujos. sin hipocres&#xED;as. Algunas de estas historias los espantar&#xE1;n, otras los har&#xE1;n sentirse enojados, econgojados o identificados. Despu&#xE9;s de leer este libro, de seguro muchas dir&#xE1;n "todos son iguales" y muchos afirmar&#xE1;n "no es verdad todo lo que aqu&#xED; se dice sobre nosotros". Es el momento de adentrarnos en el mundo en los hombres, para recorrer ese universo de contrastes y de m&#xFA;ltiples experiencias.</subfield>
  </datafield>
  <datafield tag="563" ind1=" " ind2=" ">
    <subfield code="a">R&#xFA;stico</subfield>
  </datafield>
  <datafield tag="650" ind1=" " ind2="7">
    <subfield code="9">72</subfield>
    <subfield code="a">Psicolog&#xED;a social</subfield>
  </datafield>
  <datafield tag="653" ind1=" " ind2=" ">
    <subfield code="a">Masculinidad</subfield>
  </datafield>
  <datafield tag="653" ind1=" " ind2=" ">
    <subfield code="a">Hombres</subfield>
  </datafield>
  <datafield tag="942" ind1=" " ind2=" ">
    <subfield code="c">BK</subfield>
  </datafield>
  <datafield tag="945" ind1=" " ind2=" ">
    <subfield code="a">Dani</subfield>
  </datafield>
  <datafield tag="952" ind1=" " ind2=" ">
    <subfield code="0">0</subfield>
    <subfield code="1">0</subfield>
    <subfield code="2">ddc</subfield>
    <subfield code="4">0</subfield>
    <subfield code="7">0</subfield>
    <subfield code="8">GEN</subfield>
    <subfield code="a">FUSBC</subfield>
    <subfield code="b">FUSBC</subfield>
    <subfield code="d">2020-06-16</subfield>
    <subfield code="l">0</subfield>
    <subfield code="o">G 155.332 N135t</subfield>
    <subfield code="p">25514</subfield>
    <subfield code="r">2020-06-16 00:00:00</subfield>
    <subfield code="t">Ej.1</subfield>
    <subfield code="w">2020-06-16</subfield>
    <subfield code="y">BK</subfield>
    <subfield code="k">32</subfield>
    <subfield code="I">INV2023</subfield>
  </datafield>
  <datafield tag="999" ind1=" " ind2=" ">
    <subfield code="c">66129</subfield>
    <subfield code="d">66129</subfield>
  </datafield>
</record>
